| 000 | 01369cab a22002055a 4500 | ||
|---|---|---|---|
| 001 | L154644 | ||
| 008 | 120109e20100528xxk 000 0 eng d | ||
| 035 | _a(Sirsi) u154644 | ||
| 041 | 0 | _aeng | |
| 100 | 1 | _aGordon, Warren | |
| 245 | 0 | 0 |
_aLegal case news _btime is money when brokering a deal over breaking leases, Hotgroup plc v Royal Bank of Scotland plc (as trustee of Schroder Exempt Property Unit Trust) |
| 260 | _c2010 | ||
| 490 | 0 |
_aProperty Week _v76 (25) 28 May 2010, 64(1) |
|
| 520 | _a[2010] EWHC 1241 (Ch), 28 May 2010. Highlights the importance of ensuring any notices to terminate a lease are served in accordance with its provisions. Failure to do so may lead to an inability to terminate a lease early with a serious impact on the financial position of the party serving the notice. Claimant commercial tenant H sought a declaration that it had validly exercised a break clause in a lease of commercial premises as against the defendant landlord R. R contended that H had failed to inform property manager S in time. "Held": found for defendant R because claimant H had not exercised its break properly. | ||
| 590 | _aKA | ||
| 650 | 2 | 4 | _aHOTGROUP V ROYAL BANK OF SCOTLAND |
| 651 | 4 |
_aEngland and Wales _y1543- |
|
| 690 | _aPROPERTY-COMMERCIAL PROPERTY-LEASEHOLD COMMERCIAL PROPERTY-COMMERCIAL LANDLORD AND TENANT-COMMERCIAL LEASES | ||
| 942 | _n0 | ||
| 999 |
_c83697 _d83697 |
||